| 000 | 00401nam a2200145Ia 4500 | ||
|---|---|---|---|
| 008 | 231129s2000||||xx |||||||||||||| ||spa|| | ||
| 020 | _a968-13-3227-X | ||
| 040 | _bspa | ||
| 082 | _a616.994 H293d | ||
| 100 | _aHarpham Wendy Schlessel | ||
| 245 | 0 | _aDespués del cáncer: Una guía para su nueva vida | |
| 260 | _c2000 | ||
| 264 | _aDiana | ||
| 942 |
_2ddc _cBKS |
||
| 999 |
_c9140 _d9140 |
||